LDR 00642naa#a2200181#i#450# 001 EN\\bibl\119842 005 20260417092619.5 011 ## _a2782-4586 100 ## _a20260331b2026####ek#y0engy0150####ca 102 ## _aRU 200 1# _aDevelopment of a comprehensive index for assessing the financial condition of companies _eJournal article 210 1# _aMoscow _cITBO University _d2026 215 ## _a10 с. 608 ## _aJournal article _2local 675 ## _aЭкономика. Народное хозяйство. Экономические науки. 33 _z 700 #1 _aStefanova _gNatalia Alexandrovna 700 #1 _aKorolev _gAndrey Andreevich 856 4# _ajomeam.ru _u